000 00565nam a2200193Ia 4500
003 GCL
008 140319s9999 xx 000 0 ara d
040 _aGCL /
_cGCL
082 0 4 _a813.01
_bف ق
100 1 _aفتحى عبدالفتاح
245 1 0 _aقصص ريفية /
_cفتحى عبدالفتاح
700 1 _aمحمد الخضرى عبدالحميد
300 _a119 ص
490 _aاخترنا للفلاح
_v0
650 0 4 _aالادب العربى
650 0 4 _aالادب
650 0 4 _aالقصص العربية القصيرة
942 _2ddc
_cBK
999 _c42344
_d42344